| 000 | 00854nam a22002534i 4500 | ||
|---|---|---|---|
| 999 |
_c7332 _d7332 |
||
| 001 | .b75175241 | ||
| 003 | OSt | ||
| 005 | 20211221101347.0 | ||
| 008 | 210325e202103 spc|||| |||| 000 0 cat|c | ||
| 017 |
_aDL B 1571-2021 _bBiblioteca de Catalunya |
||
| 020 | _a9788417611583 | ||
| 040 |
_aES-BaGCDGPL _bcat _erda _cES-BaGCDGPL |
||
| 041 | 1 |
_acat _heng |
|
| 100 | 1 |
_aCouldry, Nick, _eautor |
|
| 245 | 1 | 4 |
_aEls Mitjans : _bper què són importants / _cNick Couldry ; traducció d'0ctavi Gil Pujol |
| 264 | 1 |
_aBarcelona : _bEdicions Saldonar, _c2021 |
|
| 300 |
_a146 pàgines ; _c21 cm |
||
| 500 | _aTítol original: Media : why it matters | ||
| 650 | 7 |
_aMitjans de comunicació de massa _2lemac _2lemac |
|
| 700 | 1 | _aGil Pujol, Octavi, | |
| 907 |
_a.b75175241 _b08-04-21 _c25-03-21 _d25-03-21 _em _fa _g- _hcat _ispc _j0 _k0 |
||
| 940 | _aCVA7 | ||
| 942 |
_2udc _cMON |
||